| 000 | 01204nam a2200361 c 4500 | ||
|---|---|---|---|
| 999 |
_c348923 _d348923 |
||
| 003 | BLK | ||
| 005 | 20250702101310.0 | ||
| 008 | 180408b bul|||||r ||||||| ||bul|| | ||
| 010 | _aKNG00085611000 | ||
| 020 | _a978-954-26-1982-6 | ||
| 040 | _aBLK | ||
| 041 |
_aBUL _cBUL |
||
| 080 |
_aИспанска литература _b821.134.2 _x-31 _z821.134.2-31 |
||
| 100 | 1 |
_aСиера, Хавиер _eпърви автор _9120109 |
|
| 139 |
_aСиера, Хавиер _bС 35 |
||
| 245 | 1 | 0 |
_aНевидимият огън _bРоман _cХавиер Сиера; прев. от исп. Весела Петрова Чергова. |
| 257 | _aSPA | ||
| 260 |
_aПловдив _bХермес _c2020 |
||
| 300 |
_a439 с. _c21 см |
||
| 380 | _aX | ||
| 500 | _aОриг. загл. El Fuego Invisible / Javier Sierra. | ||
| 653 | _aромани | ||
| 700 | 1 |
_aЧергова, Весела Петрова _eпрев. от исп. _9141341 |
|
| 852 | _aЦб 306976 | ||
| 856 | 4 | _qpdf | |
| 856 | 4 | _qpdf | |
| 942 |
_cKNG _n0 _020 _s1 |
||
| 944 |
_aCR _c16.09.2008 _lЦветелина Шанова _k30531 |
||
| 944 |
_aED _c22.10.2013 _lф / |
||
| 999 | _d348923 | ||
| 999 | _d348923 | ||
| 999 | _d81113 | ||